|
|
|
|
| LEADER |
00000naa2a2200000 4500 |
| 001 |
612322 |
| 005 |
20260422111053.0 |
| 035 |
|
|
|a (RuTPU)RU\TPU\conf\10443
|
| 035 |
|
|
|a RU\TPU\conf\10442
|
| 090 |
|
|
|a 612322
|
| 100 |
|
|
|a 20150610d2015 k y0rusy50 ca
|
| 101 |
0 |
|
|a rus
|
| 102 |
|
|
|a RU
|
| 135 |
|
|
|a drgn ---uucaa
|
| 181 |
|
0 |
|a i
|
| 182 |
|
0 |
|a b
|
| 200 |
1 |
|
|a Структурные состояния фаз в поверхностных и переходных слоях системы "покрытие из тантала-основа из никелида титана" после электронно-пучковой обработки
|f М. А. Захарова
|g науч. рук. М. Г. Остапенко
|
| 203 |
|
|
|a Текст
|c электронный
|
| 225 |
1 |
|
|a Нанотехнологии и пучково-плазменные технологии создания материалов с заданными свойствами
|
| 300 |
|
|
|a Заглавие с титульного экрана
|
| 320 |
|
|
|a [Библиогр.: с. 216 (3 назв.)]
|
| 337 |
|
|
|a Adobe Reader
|
| 463 |
|
1 |
|0 (RuTPU)RU\TPU\conf\10353
|t Ресурсоэффективным технологиям - энергию и энтузиазм молодых
|o сборник научных трудов VI Всероссийской конференции, г. Томск, 22-24 апреля 2015 г.
|f Национальный исследовательский Томский политехнический университет (ТПУ)
|v [С. 214-216]
|d 2015
|
| 610 |
1 |
|
|a труды учёных ТПУ
|
| 610 |
1 |
|
|a электронный ресурс
|
| 610 |
1 |
|
|a структурные состояния
|
| 610 |
1 |
|
|a фазы
|
| 610 |
1 |
|
|a поверхностные слои
|
| 610 |
1 |
|
|a переходные слои
|
| 610 |
1 |
|
|a покрытия
|
| 610 |
1 |
|
|a тантал
|
| 610 |
1 |
|
|a никелид титана
|
| 610 |
1 |
|
|a электронно-пучковая обработка
|
| 700 |
|
1 |
|a Захарова
|b М. А.
|
| 702 |
|
1 |
|a Остапенко
|b М. Г.
|c физик
|c инженер Томского политехнического университета, ассистент, кандидат физико-математических наук
|f 1983-
|g Марина Геннадьевна
|4 727
|
| 712 |
0 |
2 |
|a Национальный исследовательский Томский политехнический университет (ТПУ)
|b Физико-технический институт (ФТИ)
|b Кафедра общей физики (ОФ)
|3 (RuTPU)RU\TPU\col\18734
|
| 801 |
|
2 |
|a RU
|b 63413507
|c 20210119
|g RCR
|
| 856 |
4 |
|
|u http://earchive.tpu.ru/handle/11683/19404
|
| 856 |
4 |
|
|u http://www.lib.tpu.ru/fulltext/c/2015/C08/061.pdf
|
| 942 |
|
|
|c BK
|